|
|
|
|
| LEADER |
00000nas a2200000 a 4500 |
| 001 |
ssj0012266 |
| 003 |
WaSeSS |
| 005 |
20200512172242.0 |
| 006 |
m d |
| 007 |
cr n |
| 008 |
760413c19709999ilumr p s 0 a0eng |
| 010 |
|
|
|a 75648978
|
| 016 |
7 |
|
|a 011111964
|2 Uk
|
| 022 |
|
|
|l 0007-3407
|y 0007-3407
|
| 032 |
|
|
|a 070160
|b USPS
|
| 035 |
|
|
|a (WaSeSS)ssj0012266
|
| 037 |
|
|
|b (Building Design and Construction) 8878 S. Barrons Blvd., Highlands Ranch, CO 80129-2345
|
| 040 |
|
|
|a DLC
|b eng
|c DLC
|d NSD
|d AIP
|d NSD
|d NST
|d OCL
|d NST
|d COO
|d OCL
|d NST
|d NSD
|d NST
|d MYG
|d OCL
|d SYS
|d MYG
|d OCLCQ
|d DLC
|d MYG
|d WAU
|d DLC
|d OCLCQ
|d ZCU
|d UKMGB
|d OCLCO
|d OCLCQ
|d OCLCF
|d OCLCO
|d SNC
|d GILDS
|d OCLCO
|d CUS
|d RDF
|d OCLCQ
|d WaSeSS
|
| 042 |
|
|
|a pcc
|a nsdp
|
| 050 |
0 |
0 |
|a TH1
|b .M27
|
| 082 |
0 |
4 |
|a 721/.05
|
| 210 |
0 |
|
|a Build. des. constr.
|
| 222 |
|
0 |
|a Building design & construction
|
| 245 |
0 |
0 |
|a Building design & construction
|h [electronic resource].
|
| 246 |
3 |
|
|a Building design and construction
|
| 246 |
1 |
|
|i Title varies slightly, Sept. 2006-:
|a Building design+construction
|
| 246 |
3 |
|
|a Building design plus construction
|
| 260 |
|
|
|a Chicago, Ill. :
|b Cahners Pub. Co.,
|c [1970]-
|
| 310 |
|
|
|a Monthly
|
| 362 |
0 |
|
|a Vol. 11, no. 1 (Jan. 1970)-
|
| 500 |
|
|
|a Title from cover.
|
| 506 |
|
|
|a License restrictions may limit access.
|
| 525 |
|
|
|a Supplements accompany some issues.
|
| 588 |
|
|
|a Latest issue consulted: Vol. 47, no. 11 (Sept. 2006).
|
| 650 |
|
0 |
|a Building
|v Periodicals.
|
| 650 |
|
0 |
|a Architecture
|v Periodicals.
|
| 650 |
|
7 |
|a Architecture.
|2 fast
|0 (OCoLC)fst00813346
|
| 650 |
|
7 |
|a Building.
|2 fast
|0 (OCoLC)fst00840551
|
| 655 |
|
0 |
|a Electronic journals.
|
| 780 |
0 |
0 |
|t Building construction
|w (DLC) 2007252013
|w (OCoLC)4739873
|
| 850 |
|
|
|a CSf
|a DLC
|a IC
|a MiD
|a MiU
|a MnU
|a NIC
|a NN
|a NNC
|a NjP
|a OCU
|a PU
|a TxArU
|a WM
|
| 853 |
3 |
3 |
|8 1
|a v.
|i (year)
|
| 853 |
3 |
3 |
|8 2
|a (year)
|b (month)
|
| 853 |
3 |
3 |
|8 3
|a v.
|b no.
|u 12
|v r
|i (year)
|j (month)
|w m
|
| 856 |
4 |
0 |
|z Full text available from Research Library: 06/01/1996 to present
|u https://search.proquest.com/publication/40996
|
| 863 |
4 |
0 |
|8 1
|a <4>-
|i <1963>-
|x provisional
|
| 863 |
4 |
0 |
|8 2
|a <1975>-
|x provisional
|
| 863 |
4 |
0 |
|8 3
|a <21>-
|i <1980>-
|x provisional
|